| 000 | 01472nam a22002417a 4500 | ||
|---|---|---|---|
| 999 |
_c62332 _d62332 |
||
| 003 | Ge_BSU | ||
| 005 | 20241007163240.0 | ||
| 008 | 241007s2024 ge ||||| |||| 00| 0 geo d | ||
| 020 | _a9789941345302 | ||
| 041 | _ageo | ||
| 080 | _a34(37) ბ-87 | ||
| 100 |
_aბოსტოღანაშვილი, დავით _923329 |
||
| 245 |
_aრომის სამართლის საფუძვლები : _b[სახელმძღვანელო] / _c დავით ბოსტოღანაშვილი, ნუგზარ სურგულაძე ; რედაქტორი მარინა გარიშვილი. |
||
| 264 |
_aთბილისი : _bმერიდიანი, _c 2024. |
||
| 300 |
_a174 გვ. ; _b20 სმ. |
||
| 500 | _a სახელმძღვანელო გამოიცა აღმოსავლეთ ევროპის უნივერსიტეტის ფინანსური მხარდაჭერით. | ||
| 504 | _aბიბლიოგრაფია ტექსტის შენიშვნებში და გვ. 171-173. | ||
| 653 | _aსამართალი -- რომი | ||
| 700 |
_aსურგულაძე, ნუგზარ _eავტორი _916622 |
||
| 700 |
_aგარიშვილი, მარინა _eრედაქტორი. _917275 |
||
| 773 | _tნაჩუქარი | ||
| 942 |
_2udc _cᲬᲘᲒᲜᲘ |
||